Russian art / (Record no. 127198)

MARC details
000 -LEADER
campo de control de longitud fija 00539nam a2200193 i 4500
001 - NÚMERO DE CONTROL
campo de control 127198
003 - IDENTIFICADOR DE NÚMERO DE CONTROL
campo de control ES-MaACL
005 - FECHA Y HORA DE LA ÚLTIMA TRANSACCIÓN
campo de control 20250812051209.0
007 - CAMPO FIJO DE DESCRIPCIÓN FÍSICA--INFORMACIÓN GENERAL
campo de control de longitud fija t|
008 - DATOS DE LONGITUD FIJA--INFORMACIÓN GENERAL
campo de control de longitud fija 070214s1949 xxk r ||||1| eng d
100 1# - ENTRADA PRINCIPAL--NOMBRE DE PERSONA
Nombre de persona Rice, Tamara Talbot.
9 (RLIN) 96893
245 10 - MENCIÓN DEL TÍTULO
Título Russian art /
Mención de responsabilidad, etc. by Tamara Talbot Rice.
250 ## - MENCION DE EDICION
Mención de edición 1st publ.
260 ## - PUBLICACIÓN, DISTRIBUCIÓN, ETC.
Lugar de publicación, distribución, etc. Middlesex :
Nombre del editor, distribuidor, etc. Penguin Books,
Fecha de publicación, distribución, etc. 1949.
300 ## - DESCRIPCIÓN FÍSICA
Extensión 296 p. :
Otras características físicas il. ;
Dimensiones 18 cm.
650 #7 - PUNTO DE ACCESO ADICIONAL DE MATERIA--TÉRMINO DE MATERIA
Término de materia o nombre geográfico como elemento de entrada Arte ruso
Fuente del encabezamiento o término embne
9 (RLIN) 135620
852 ## - LOCALIZACIÓN
Ubicación ES-MaACL
Número de control de estantería D-6073
Sublocalización o colección R.29626
Holdings
Estatus retirado Estado de pérdida Estado de daño No para préstamo Biblioteca de origen Biblioteca actual Ubicación en estantería Fecha de adquisición Fuente de adquisición Total de préstamos Signatura topográfica completa Código de barras Visto por última vez Precio de reemplazo Tipo de ítem Koha
        Biblioteca del Ateneo de Madrid Biblioteca del Ateneo de Madrid Sala Valle Inclán 17/01/2008     D-6073 901132483 23/02/2023 23/02/2023 Libro impreso